[Event "TCh-FRA"]
[Site "Montpellier FRA"]
[Date "2001.04.28"]
[Round "8"]
[White "Riff,S"]
[Black "Flear,C"]
[Result "0-1"]
[WhiteElo "2223"]
[BlackElo "2166"]

1.e4 c5 2.Nf3 Nc6 3.Nc3 e6 4.d4 cxd4 5.Nxd4 Qc7 6.Be3 a6 7.Bd3 Nf6 8.O-O b5
9.Nxc6 Qxc6 10.a3 Bb7 11.Qe2 Be7 12.f3 Bc5 13.Qf2 Rc8 14.Rae1 d6 15.Nd5 Bxe3
16.Rxe3 Qc5 17.Nxf6+ gxf6 18.Re2 Ke7 19.Ra1 Qxf2+ 20.Kxf2 Bc6 21.c4 Bd7 22.cxb5 axb5
23.Ke3 Rhg8 24.Rd2 Rc5 25.Rad1 Rb8 26.Ra1 h6 27.Rc2 e5 28.Kd2 Rxc2+ 29.Kxc2 Rg8
30.Rg1 Rc8+ 31.Kb3 Rc5 32.Kb4 Kd8 33.Rd1 Kc7 34.Ka5 Bc6 35.Bb1 Rc4 36.b3 Rc3
37.Kb4 Rc5 38.Rd2 Rc1 39.Bd3 Rc5 40.Be2 h5 41.Ka5 h4 42.h3 Bd7 43.Bd3 d5
44.exd5 Rxd5 45.Rc2+ Kd6 46.Rc3 f5 47.b4 f4 48.Ka6 f5 49.Kb6 Rd4 50.Bxb5 Bxb5
51.Kxb5 e4 52.Rc6+ Kd7 53.fxe4 fxe4 54.Rc4 Rd5+ 55.Kb6 Re5 56.a4 e3 57.Rc1 Rg5
58.Rd1+ Ke6 59.a5 Rxg2 60.a6 Ra2 61.a7 Rxa7 62.Kxa7 e2 63.Re1 f3 64.b5 Kd5
65.b6 f2 66.Rxe2 f1=Q 67.Ra2 Qb1 68.Ra4 Kc6 69.Rc4+ Kb5 70.b7  0-1

[Event "Bundesliga 2000-1"]
[Site "Baiertel GER"]
[Date "2001.04.29"]
[Round "15"]
[White "Balcerak,J"]
[Black "Kasimdzhanov,R"]
[Result "0-1"]
[WhiteElo "2431"]
[BlackElo "2693"]

1.e4 c5 2.Nf3 e6 3.d4 cxd4 4.Nxd4 Nc6 5.Nc3 d6 6.Be3 Nf6 7.f3 Be7 8.Qd2 O-O
9.O-O-O a6 10.g4 Nxd4 11.Bxd4 b5 12.g5 Nd7 13.h4 Bb7 14.Kb1 Rc8 15.Bh3 Ne5
16.Qg2 Qc7 17.g6 hxg6 18.f4 b4 19.h5 g5 20.fxe5 dxe5 21.Nd5 exd5 22.Bxc8 Rxc8
23.exd5 exd4 24.Rxd4 Bf6 25.Rd2 Qc5  0-1

[Event "Open"]
[Site "Cutro ITA"]
[Date "2001.04.29"]
[Round "8"]
[White "Dojkova,G"]
[Black "Drabke,L"]
[Result "1/2-1/2"]
[WhiteElo "2110"]
[BlackElo "2310"]

1.e4 c5 2.Nf3 Nc6 3.d4 cxd4 4.Nxd4 e6 5.Nc3 Qc7 6.Be3 a6 7.Bd3 b5 8.Nxc6 Qxc6
9.O-O Bb7 10.Qe2 Nf6 11.Bg5 Be7 12.Rae1 O-O 13.f4 b4 14.e5 bxc3 15.exf6 gxf6
16.Bh6 f5 17.Bxf8 Rxf8 18.bxc3 Kh8 19.Kh1 Bh4 20.Rb1 Rg8 21.Rf3 Qc7 22.Bxa6 Bxf3
23.Qxf3 Bf6 24.Rb7 Qd6 25.Bf1 Qd2 26.g3 Rd8 27.Qd3 Bxc3 28.Qxd2 Bxd2 29.Bb5 Rc8
30.c4 d5 31.cxd5 exd5 32.Rxf7 Rc1+ 33.Kg2 Rc2 34.a4 Bxf4+ 35.Kf3 Bc7 36.Rxf5 d4
37.Rd5 Rxh2 38.Rxd4 Rh3 39.Rg4 h5 40.Rg5 h4 41.Rh5+ Kg7 42.Rxh4 Rxh4 43.gxh4 Kh8  1/2-1/2

[Event "TCh-FRA"]
[Site "Montpellier FRA"]
[Date "2001.04.29"]
[Round "9"]
[White "Riff,S"]
[Black "Marciano,D"]
[Result "0-1"]
[WhiteElo "2223"]
[BlackElo "2503"]

1.e4 c5 2.Nf3 e6 3.d4 cxd4 4.Nxd4 Nc6 5.Nc3 Qc7 6.Be3 a6 7.Bd3 b5 8.Nxc6 Qxc6
9.O-O Bb7 10.a3 Nf6 11.Qe2 h5 12.f3 Bc5 13.Qf2 Rc8 14.Rae1 d6 15.Nd5 Nd7
16.Qh4 Kf8 17.Bxc5 Qxc5+ 18.Ne3 g5 19.Qf2 Ke7 20.f4 gxf4 21.Qh4+ f6 22.Qxf4 Qg5
23.Qxg5 fxg5 24.Re2 Rhf8 25.Nd1 Rxf1+ 26.Kxf1 Ne5 27.h3 g4 28.hxg4 hxg4 29.Kf2 Rf8+
30.Ke1 Rh8 31.Ne3 Rh4 32.Kd2 Bc6 33.Rf2 Be8 34.Be2 Bh5 35.Rf1 Rh2 36.Kc3 g3
37.Bd3 Bg6 38.Rf4 Bh5 39.a4 Nxd3 40.cxd3 bxa4 41.Kb4 Rh1 42.Nf1 Be8 43.Nxg3 Rd1
44.Kc3 Bb5 45.Rf3 Ra1 46.Rf1 Ra2 47.Rb1 a3 48.d4 axb2 49.Rxb2 Ra3+ 50.Rb3 Ra4
51.d5 exd5 52.exd5 Kf6 53.Rb4 Ra3+ 54.Rb3 Ra1 55.Ne4+ Ke5 56.Kb2 Rg1 57.Nc3 Bc4
58.Rb4 Rxg2+ 59.Kc1 Bd3 60.Rb2 Rg4 61.Kd2 Bc4 62.Rb4 Rg2+ 63.Ke3 Rg3+ 64.Kd2 Rd3+
65.Kc2 Rd4 66.Ra4 Rh4 67.Kd2 Kd4 68.Nd1 Rh2+ 69.Kc1 Kc5 70.Ne3 Bd3 71.Rf4 Re2
72.Nf5 Re5  0-1

[Event "TCh-FRA"]
[Site "Montpellier FRA"]
[Date "2001.04.29"]
[Round "9"]
[White "Moreno Carnero,J"]
[Black "Magem Badals,J"]
[Result "1/2-1/2"]
[WhiteElo "2480"]
[BlackElo "2506"]

1.e4 c5 2.Nf3 Nc6 3.Nc3 e6 4.d4 cxd4 5.Nxd4 Qc7 6.Be2 a6 7.O-O Nf6 8.Kh1 Nxd4
9.Qxd4 Bc5 10.Qd3 b5 11.Bg5 Bb7 12.f4 Bb4 13.Bf3 Bxc3 14.bxc3 Rc8 15.Bxf6 gxf6
16.Rad1 Rg8  1/2-1/2

[Event "TCh-FRA"]
[Site "Montpellier FRA"]
[Date "2001.04.29"]
[Round "9"]
[White "Cornette,M"]
[Black "Blot,J"]
[Result "1-0"]
[WhiteElo "2228"]
[BlackElo "2324"]

1.e4 c5 2.Nf3 e6 3.d4 cxd4 4.Nxd4 Nc6 5.Nc3 Qc7 6.Ndb5 Qb8 7.Be3 a6 8.Bb6 axb5
9.Nxb5 Bb4+ 10.c3 Ba5 11.Nc7+ Qxc7 12.Bxc7 Bxc7 13.Qg4 g6 14.Bb5 Nge7 15.h4 h5
16.Qg5 d5 17.a4 dxe4 18.Rd1 Nd5 19.c4 Nf4 20.Qc5 Bd7 21.O-O Nd3 22.Qe3 f5
23.Bxc6 bxc6 24.f3 O-O 25.fxe4 Ne5 26.exf5 Rf6 27.fxe6 Rxf1+ 28.Rxf1 Bxe6
29.b3 Re8 30.Qc5 Bf7 31.Kh1 Rd8 32.a5 Bd6 33.Qf2 Rd7 34.Rd1 Bc5 35.Qf1 Re7
36.Qf6 Re8 37.Rd8 Rxd8 38.Qxd8+ Kg7 39.a6 Ng4 40.g3  1-0

[Event "2nd ch-EUR Women"]
[Site "Warsaw POL"]
[Date "2001.04.29"]
[Round "7"]
[White "Kovalevskaya,E"]
[Black "Gaponenko,I"]
[Result "1/2-1/2"]
[WhiteElo "2488"]
[BlackElo "2373"]

1.e4 c5 2.Nc3 e6 3.Nge2 Nc6 4.d4 cxd4 5.Nxd4 Nf6 6.Ndb5 Bb4 7.a3 Bxc3+ 8.Nxc3 d5
9.exd5 exd5 10.Bd3 O-O 11.O-O d4 12.Ne2 Bg4 13.Bg5 Qd6 14.Qd2 Bxe2 15.Qxe2 Rfe8
16.Qf3 Ne5 17.Qg3 h6 18.Bxf6 Qxf6 19.Rfe1 Nxd3 20.Qxd3 Qb6 21.b3 Rac8 22.Rxe8+ Rxe8
23.g3 g6 24.Rd1 Qc6 25.a4  1/2-1/2

[Event "54th ch-RUS"]
[Site "Elista RUS"]
[Date "2001.04.30"]
[Round "1"]
[White "Bezgodov,A"]
[Black "Shovunov,B"]
[Result "1-0"]
[WhiteElo "2543"]
[BlackElo "2367"]

1.e4 c5 2.Nf3 e6 3.d4 cxd4 4.Nxd4 Nc6 5.Nc3 Qc7 6.Be2 a6 7.O-O Nf6 8.Be3 Bb4
9.Na4 O-O 10.c4 Bd6 11.g3 Nxe4 12.Rc1 f5 13.c5 Be5 14.Bf3 Rb8 15.Bg2 d5 16.cxd6 Qxd6
17.Nxc6 bxc6 18.Qc2 Qb4 19.Rfd1 c5 20.f3 Nf6 21.Bxc5 Qb5 22.Bxf8 Kxf8 23.f4 Bxb2
24.Kf2  1-0

[Event "54th ch-RUS"]
[Site "Elista RUS"]
[Date "2001.04.30"]
[Round "1"]
[White "Bezgodov,A"]
[Black "Shovunov,B"]
[Result "1-0"]
[WhiteElo "2543"]
[BlackElo "2367"]

1.e4 c5 2.Nf3 e6 3.d4 cxd4 4.Nxd4 Nc6 5.Nc3 Qc7 6.Be2 a6 7.O-O Nf6 8.Be3 Bb4
9.Na4 O-O 10.c4 Bd6 11.g3 Nxe4 12.Rc1 f5 13.c5 Be5 14.Bf3 Rb8 15.Bg2 d5 16.cxd6 Qxd6
17.Nxc6 bxc6 18.Qc2 Qb4 19.Rfd1 c5 20.f3 Nf6 21.Bxc5 Qb5 22.Bxf8 Kxf8 23.f4 Bxb2
24.Nxb2  1-0

[Event "54th ch-RUS"]
[Site "Elista RUS"]
[Date "2001.04.30"]
[Round "1"]
[White "Malakhov,V"]
[Black "Makarov,M"]
[Result "1/2-1/2"]
[WhiteElo "2623"]
[BlackElo "2511"]

1.e4 c5 2.Nf3 Nc6 3.d4 cxd4 4.Nxd4 e6 5.Nc3 Qc7 6.Be2 Nf6 7.O-O a6 8.Kh1 Nxd4
9.Qxd4 Bc5 10.Qd3 b5 11.f4 Bb7 12.Bf3 O-O 13.e5 Ne8 14.Bxb7 Qxb7 15.a4 b4
16.Ne4 Be7 17.Be3 Qc6 18.Rad1 Rc8 19.a5 Nc7 20.f5 exf5 21.Rxf5 Ne6 22.Rf2 Qc4
23.Bb6 Qxd3 24.Rxd3 Rc4 25.Nd6 Bxd6 26.Rxd6 Rfc8 27.Rdd2 h6 28.Kg1 Ng5 29.Rfe2 Ne6
30.Kf1 Kf8 31.b3 R4c6 32.Ke1 Ke7 33.Kd1 Nc7 34.Re4 Nb5 35.Kc1 Na3 36.Ree2 Nb5
37.Kb2 Nc3 38.Re3 Ke6 39.Red3 Ne4 40.Re2 Nc3 41.Red2 Kxe5  1/2-1/2

[Event "2nd ch-EUR Women"]
[Site "Warsaw POL"]
[Date "2001.04.30"]
[Round "8"]
[White "Zatonskih,A"]
[Black "Kiseleva,N"]
[Result "1/2-1/2"]
[WhiteElo "2427"]
[BlackElo "2296"]

1.e4 c5 2.Nf3 e6 3.d4 cxd4 4.Nxd4 Nc6 5.Nc3 Qc7 6.Be2 a6 7.O-O Nf6 8.Be3 Bb4
9.Na4 O-O 10.c4 Bd6 11.g3 Nxe4 12.Bf3 f5 13.c5 Be5 14.Nxc6 bxc6 15.Bxe4 fxe4
16.Qc2 a5 17.Nb6 Ba6 18.Nxa8 Rxa8 19.Rfd1 Bd3 20.Rxd3 exd3 21.Qxd3 Bxb2 22.Rd1 Ra7
23.Bd4 Bxd4 24.Qxd4 Rb7 25.Qh4 h6 26.Rd6 Qb8 27.Qd4 Qa7 28.Kg2 a4 29.a3 Kh7
30.Qd3+ Kh8 31.Rd4 Qa5 32.h4 Qb5 33.Rxd7 Rxd7 34.Qxd7 Qxc5 35.Qxe6 Qxa3 36.Qxc6 Qb4
37.Qc8+ Kh7 38.Qc2+ Kg8 39.Qc8+ Kh7 40.Qf5+ Kg8 41.Qc8+ Kh7  1/2-1/2

[Event "54th ch-RUS"]
[Site "Elista RUS"]
[Date "2001.05.01"]
[Round "2"]
[White "Timofeev,Ar"]
[Black "Pridorozhni,A"]
[Result "1-0"]
[WhiteElo "2522"]
[BlackElo "2352"]

1.e4 c5 2.Nf3 Nc6 3.Nc3 e6 4.d4 cxd4 5.Nxd4 Nf6 6.Nxc6 bxc6 7.e5 Nd5 8.Ne4 Bb7
9.Be2 c5 10.O-O Qc7 11.Nd6+ Bxd6 12.exd6 Qc6 13.f3 O-O 14.c4 Nb6 15.Qd2 a5
16.b3 Nc8 17.Ba3 Nxd6 18.Rad1 Ra6 19.Rfe1 Qc7 20.Qf4 f6 21.Rd2 e5 22.Qg4 Bc8
23.Red1 Nf7 24.Rxd7 Bxd7 25.Rxd7 Qc8 26.Rd5 Rc6 27.Qh4 Ng5 28.Bd3 g6 29.Bc1 Ne6
30.Bh6 Rf7 31.Qg4 Qe8 32.Bf5 Rfc7 33.h4 Kf7 34.Bb1 Nd4 35.h5 f5 36.Qh4 Rd7
37.Bg5 Ke6 38.Rxe5+  1-0

[Event "2nd ch-EUR Women"]
[Site "Warsaw POL"]
[Date "2001.05.01"]
[Round "9"]
[White "Trabert,B"]
[Black "Demina,J"]
[Result "0-1"]
[WhiteElo "2269"]
[BlackElo "2350"]

1.e4 c5 2.Nf3 e6 3.d4 cxd4 4.Nxd4 Nc6 5.Nc3 Qc7 6.Be2 Nf6 7.Be3 a6 8.O-O Bb4
9.Na4 Bd6 10.Nxc6 bxc6 11.Nb6 Rb8 12.Nxc8 Rxc8 13.Kh1 Nxe4 14.Bxa6 Ra8 15.Bd3 Nf6
16.Qf3 h5 17.Bd4 Be5 18.Bxe5 Qxe5 19.c3 Ng4 20.Qg3 Qxg3 21.fxg3 Ke7 22.a4 h4
23.gxh4 Rxh4 24.h3 Ne5 25.Bc2 c5 26.Rfe1 f6 27.b3 d5 28.Kg1 g5 29.Kf2 Kd6
30.Red1 f5 31.Rdb1 Nc6 32.Bd3 f4 33.b4 c4 34.Be2 Rh7 35.a5 Rb7 36.g3 Na7
37.gxf4 gxf4 38.h4 Nb5 39.Rc1 e5 40.Rc2 e4 41.Rg1 Re7 42.Bf1 Rh8 43.Rg4 f3
44.Ke3 Rh5 45.Rc1 Ke5 46.Rg8 Nxc3 47.Bxc4 d4+ 48.Kf2 Rxh4 49.Kg3 Rhh7 50.a6 Reg7+
51.Rxg7 Rxg7+ 52.Kf2 Kf4 53.Rh1 Rg2+ 54.Kf1 Rc2  0-1

[Event "2nd ch-EUR Women"]
[Site "Warsaw POL"]
[Date "2001.05.01"]
[Round "9"]
[White "Dworakowska,J"]
[Black "Melamed,T"]
[Result "1-0"]
[WhiteElo "2360"]
[BlackElo "2273"]

1.e4 c5 2.Nf3 e6 3.d4 cxd4 4.Nxd4 Nc6 5.Nc3 Qc7 6.Be2 a6 7.Be3 Nf6 8.a3 d6
9.f4 Be7 10.g4 b5 11.g5 Nd7 12.Nxc6 Qxc6 13.Qd4 e5 14.Qd2 exf4 15.Bxf4 Ne5
16.O-O-O Be6 17.h4 O-O 18.Nd5 Bd8 19.Qb4 Rc8 20.Rd2 Bxd5 21.exd5 Qc5 22.Qxc5 Rxc5
23.Bxe5 dxe5 24.d6 f6 25.b4 Rc3 26.Kb2 Rg3 27.gxf6 Bxf6 28.c4 e4+ 29.Ka2 a5
30.bxa5 Bc3 31.Rc2 b4 32.c5 Rb8 33.Bc4+ Kf8 34.Rb1 e3 35.Rxc3 Rg2+ 36.Ka1 e2
37.Rf3+ Ke8 38.axb4 Rxb4 39.Re3+  1-0

[Event "Golden Cleopatra Open"]
[Site "Cairo EGY"]
[Date "2001.05.02"]
[Round "1"]
[White "Hassan,Say"]
[Black "Omearat,A"]
[Result "1-0"]
[WhiteElo "2363"]
[BlackElo "2226"]

1.e4 c5 2.Nc3 e6 3.Nf3 Nc6 4.d4 cxd4 5.Nxd4 Qc7 6.Be3 a6 7.Bd3 Nf6 8.Nxc6 bxc6
9.O-O e5 10.f4 d5 11.fxe5 Ng4 12.Bd4 f6 13.Be2 h5 14.Kh1 fxe5 15.Bg1 d4 16.Nb1 Be6
17.Nd2 Nf6 18.h3 Bb4 19.Bd3 Bxd2 20.Qxd2 c5 21.b3 c4 22.bxc4 Bxc4 23.Qg5 O-O
24.Bh2 Bxd3 25.cxd3 Nd7 26.Qxh5 Rxf1+ 27.Rxf1 Rf8 28.Rxf8+ Kxf8 29.Qf5+ Ke7
30.Bg3 Qc1+ 31.Kh2 Qe3 32.Bxe5 g6 33.Qf4 Qxf4+ 34.Bxf4 Ke6 35.Bh6 Kf7 36.Bc1 Ke6
37.Ba3 Ne5 38.Bc5 Nxd3 39.Bxd4 Nc1 40.a3 Nb3 41.Bc3 Nc5 42.e5 Ne4 43.Ba1 a5
44.h4 Kf5 45.Bd4 a4 46.Kh3 Nd2 47.g4+ Ke6 48.h5 gxh5 49.gxh5 Kf5 50.h6 Nf3
51.Kg3 Ng5 52.Kh4 Nh7 53.Kh5 Ng5 54.Bb2 Nh7 55.Bd4 Nf8 56.Bc3 Nh7 57.e6 Kxe6
58.Kg6  1-0

[Event "Backa Open"]
[Site "Palanka YUG"]
[Date "2001.05.03"]
[Round "2"]
[White "Milu,R"]
[Black "Trajkovic,P"]
[Result "1/2-1/2"]
[WhiteElo "2433"]
[BlackElo "2352"]

1.e4 c5 2.Nc3 Nc6 3.Nf3 e6 4.d4 cxd4 5.Nxd4 Qc7 6.g3 d6 7.Bg2 Bd7 8.O-O Nf6
9.Nxc6 Bxc6 10.Re1 Be7 11.a4 O-O 12.Nb5 Qd7 13.c4 e5 14.Nc3 b6 15.Bg5 Ne8
16.Be3 Qb7 17.Nd5 Bd8 18.Bd2 Nc7 19.Bb4 Ne8 20.Qd2 a5 21.Bc3 Qd7 22.b3 Nf6
23.Nxf6+ Bxf6 24.Rad1 Rad8 25.f4 Qc7 26.Kh1 Rfe8 27.f5 h6 28.h4 Kh7 29.Qf2 Rf8
30.Bd2 Qb7 31.Bc1 g5 32.Qe3 Kg7 33.h5 Be7 34.Rd3 f6 35.Red1 Rd7 36.g4 Rfd8
37.Bf3 Kf8 38.Kg2 Kf7 39.Bd2 Ra8 40.Be1 Kf8 41.Bf2 Rb8 42.Rb1 Qc8 43.Bd1 Ra7
44.Rd2 Qb7 45.Kf3 Qc7 46.Ra2 Bd7 47.Qd3 Be8 48.Be3 Bd7 49.Bc1 Be8 50.Ba3 Bf7
51.Be2 Qc6 52.Rd1 Rd8 53.Rad2 Kg7 54.Qe3 Rc7 55.Rd3 Rcd7 56.Bc1 Ra7 57.Bd2 Kf8
58.Be1 Rb7 59.R3d2 Kg7 60.Bd3 Kf8 61.Bc2 Kg7 62.Rd3 Rc8 63.Bf2 Kf8 64.R1d2 Kg7
65.Qe1 Kf8 66.Rd1 Kg7  1/2-1/2

[Event "Bank Pocztowy Open A"]
[Site "Bydgoszcz POL"]
[Date "2001.05.04"]
[Round "7"]
[White "Maksimenko,A"]
[Black "Jaracz,P"]
[Result "0-1"]
[WhiteElo "2514"]
[BlackElo "2484"]

1.e4 c5 2.Nf3 e6 3.d4 cxd4 4.Nxd4 Nc6 5.Nc3 Qc7 6.Be2 a6 7.Be3 Nf6 8.a3 Na5
9.f4 d6 10.O-O Be7 11.g4 Nc4 12.Bc1 b5 13.g5 Nd7 14.Rf3 g6 15.f5 Nde5 16.Rg3 Qd7
17.b3 Na5 18.Bf4 Bb7 19.Qd2 Nac6 20.Nxc6 Qxc6 21.f6 Bd8 22.Rd1 Bb6+ 23.Be3 Bc7
24.Rh3 Rc8 25.Bd4 Nd7 26.Rh4 e5 27.Be3 Bd8 28.Na2 Bb6 29.Bxb6 Qxb6+ 30.Kf1 Nc5
31.Nc3 Ne6 32.Nd5 Bxd5 33.exd5 Nf4 34.Rxf4 exf4 35.Qxf4 O-O 36.Qh4 h5 37.gxh6 Kh7
38.Bd3 Rfe8 39.Re1 Qc5 40.Re7 Qxd5 41.Qg4 Rxe7 42.fxe7 Re8  0-1

[Event "XXXVI Capablanca Mem Elite"]
[Site "Havana CUB"]
[Date "2001.05.05"]
[Round "1"]
[White "Stefansson,H"]
[Black "Bruzon,L"]
[Result "1-0"]
[WhiteElo "2570"]
[BlackElo "2589"]

1.e4 c5 2.Nf3 e6 3.d4 cxd4 4.Nxd4 Nc6 5.Nc3 Qc7 6.Be3 a6 7.Bd3 b5 8.O-O Bb7
9.Nxc6 Qxc6 10.a3 Nf6 11.Qe2 Be7 12.f4 Qc7 13.Bd4 O-O 14.Kh1 g6 15.e5 Nd5
16.Ne4 f5 17.exf6 Nxf6 18.Be5 Qc6 19.Ng5 Rae8 20.b3 Nh5 21.Be4 Qc8 22.Qxh5  1-0

[Event "Backa Open"]
[Site "Palanka YUG"]
[Date "2001.05.05"]
[Round "4"]
[White "Milu,R"]
[Black "Solcanean,S"]
[Result "1-0"]
[WhiteElo "2433"]
[BlackElo "2268"]

1.e4 c5 2.Nc3 Nc6 3.Nf3 e6 4.d4 cxd4 5.Nxd4 Qc7 6.f4 d6 7.Be2 a6 8.Be3 Be7
9.Qd2 Nf6 10.O-O-O O-O 11.g4 Nxd4 12.Qxd4 b5 13.g5 Nd7 14.f5 Ne5 15.f6 gxf6
16.gxf6 Bxf6 17.Bh6 Qe7 18.Bxf8 Qxf8 19.Rhg1+ Kh8 20.Qxd6 Qh6+ 21.Kb1 Bd7
22.Rgf1 Bg7 23.a3 Qh4 24.Rg1 Bf6 25.Rdf1 Bc6 26.Qc5 Qh6 27.Rg2 Rc8 28.Rfg1 Qf8
29.Qb6 Rb8 30.Rg8+ Qxg8 31.Rxg8+ Rxg8 32.Qxa6 Bh4 33.Bxb5 Bxb5 34.Qxb5 Bf6
35.Qe2 h6 36.a4 Rc8 37.Nd1 Nc4 38.c3 Ne5 39.a5 Rd8 40.Ne3 Bg5 41.Nc4 Nxc4
42.Qxc4 Be3 43.Qc7 Rd1+ 44.Ka2  1-0

[Event "54th ch-RUS"]
[Site "Elista RUS"]
[Date "2001.05.06"]
[Round "6"]
[White "Dolmatov,S"]
[Black "Makarov,M"]
[Result "1-0"]
[WhiteElo "2587"]
[BlackElo "2511"]

1.e4 c5 2.Nf3 Nc6 3.d4 cxd4 4.Nxd4 e6 5.Nc3 Qc7 6.Be2 Nf6 7.O-O Nxd4 8.Qxd4 Bc5
9.Qd3 a6 10.Bg5 b5 11.Rad1 b4 12.Na4 Be7 13.e5 Qxe5 14.Bxf6 Bxf6 15.Nb6 Qb8
16.Nxa8 Qxa8 17.Qd6 Be7 18.Qc7 Bd8 19.Qd6 Be7 20.Qc7 Bd8 21.Qf4 a5 22.c4 bxc3
23.bxc3 O-O 24.c4 Bb6 25.Rb1 Qa7 26.Rb2 Bc5 27.Qb8 Qxb8 28.Rxb8 d6 29.Rfb1 Bd7
30.R1b7 Bc6 31.Rxf8+ Kxf8 32.Rc7 Be4 33.Rc8+ Ke7 34.Rb8 a4 35.Kf1 a3 36.f3 Bc2
37.Ke1 g5 38.Kd2 Bg6 39.Bd3 f5 40.Bc2 h5 41.Ba4 g4 42.Bc6 Bg1 43.Ra8 Bc5
44.Rb8 Bg1 45.Rg8 Bf7 46.Ra8 Bc5 47.Kc3 e5 48.Bd5 Bg6 49.Kd3 Kf6 50.Bc6 gxf3
51.gxf3 h4 52.Rh8 Kg5 53.Be8 Bxe8 54.Rxe8 Kf4 55.Ke2 e4 56.fxe4 fxe4 57.Rg8 Bd4
58.h3 Kf5 59.Rd8 Be5 60.Rf8+ Bf6 61.Ke3 Ke6 62.Kxe4 Bc3 63.Ra8 Bb4 64.Rh8 Be1
65.Rh6+  1-0

[Event "XXXVI Capablanca Mem Elite"]
[Site "Havana CUB"]
[Date "2001.05.06"]
[Round "2"]
[White "Nataf,IA"]
[Black "Stefansson,H"]
[Result "1/2-1/2"]
[WhiteElo "2552"]
[BlackElo "2570"]

1.e4 c5 2.Nf3 Nc6 3.d4 cxd4 4.Nxd4 e6 5.Nc3 Qc7 6.Be2 a6 7.O-O Nf6 8.Be3 Be7
9.f4 d6 10.a4 O-O 11.Kh1 Re8 12.Bf3 Bf8 13.g4 Nxd4 14.Bxd4 e5 15.Bg1 exf4
16.g5 Nd7 17.Nd5 Qd8 18.Qd2 Ne5 19.Qxf4 Be6 20.Bb6 Qd7 21.Nc7 Qc6 22.Nxa8 Rxa8
23.Bd4 Nxf3 24.Qxf3 d5 25.e5 Qxc2 26.Rfc1 Qg6 27.Rc7 h6 28.gxh6 Bf5 29.Qg3 Qxh6
30.Rf1 Qh5 31.Kg1 b5 32.a5 Re8 33.Qf3 Qg6+ 34.Qg3 Qh5 35.Qf3 Qg6+ 36.Qg3 Qh5  1/2-1/2

[Event "Golden Cleopatra Open"]
[Site "Cairo EGY"]
[Date "2001.05.07"]
[Round "6"]
[White "Tissir,M"]
[Black "Omearat,A"]
[Result "0-1"]
[WhiteElo "2352"]
[BlackElo "2226"]

1.e4 c5 2.Nf3 e6 3.d4 cxd4 4.Nxd4 Nc6 5.Nc3 Qc7 6.Be2 a6 7.O-O Nf6 8.Kh1 Nxd4
9.Qxd4 Bc5 10.Qd2 b5 11.Qg5 O-O 12.e5 Nd5 13.Nxd5 exd5 14.Bf4 Qb6 15.Rad1 Bb7
16.Qh4 d4 17.Bd3 h6 18.Rde1 Rfe8 19.Qh3 Bd5 20.Qf5 g6 21.Qh3 h5 22.Bg5 Qe6
23.Qh4 Qg4 24.Qxg4 hxg4 25.Bf6 Be7 26.Kg1 Rac8 27.Bxe7 Rxe7 28.f4 gxf3 29.gxf3 Rce8
30.f4 d6 31.Be4 Bxe4 32.Rxe4 dxe5 33.fxe5 Rxe5 34.Rxd4 Rg5+ 35.Kh1 Re2 36.Rd8+ Kg7
37.Rd7 Kh6 38.Rdxf7 Rgg2 39.R1f6 Rxh2+ 40.Kg1 Reg2+ 41.Kf1 Rxc2 42.Rf2 Rhxf2+
43.Rxf2 Rxf2+ 44.Kxf2 Kh5 45.Kg3 a5  0-1

[Event "XXXVI Capablanca Mem Elite"]
[Site "Havana CUB"]
[Date "2001.05.07"]
[Round "3"]
[White "Dominguez,L"]
[Black "Andersson,U"]
[Result "1/2-1/2"]
[WhiteElo "2556"]
[BlackElo "2640"]

1.e4 c5 2.Nf3 e6 3.d4 cxd4 4.Nxd4 Nc6 5.Nc3 a6 6.Nxc6 bxc6 7.Bd3 d5 8.O-O Nf6
9.Qe2 Be7 10.b3 O-O 11.Bb2 Bb7 12.Na4 Qc7 13.e5 Nd7 14.c4 dxc4 15.Bxc4 Nb6
16.Nxb6 Qxb6 17.Qg4 Rad8 18.Rad1 a5 19.Bc1 Rxd1 20.Rxd1 Rd8 21.Rxd8+ Qxd8
22.Bh6 Bf8 23.Be3 Qc7 24.Qd4 c5 25.Qc3 Be7 26.Bf1 Bd5 27.Bd2 Bd8 28.Be3 Be7
29.Bd2 Bd8 30.Be3  1/2-1/2

[Event "Golden Cleopatra Open"]
[Site "Cairo EGY"]
[Date "2001.05.08"]
[Round "7"]
[White "Medvegy,Z"]
[Black "Surjadnji,A"]
[Result "1-0"]
[WhiteElo "2444"]
[BlackElo "2431"]

1.e4 c5 2.Nf3 e6 3.d4 cxd4 4.Nxd4 Nc6 5.Nc3 Qc7 6.f4 d6 7.Be3 Nf6 8.Qd2 a6
9.O-O-O Be7 10.Be2 O-O 11.g4 Nxd4 12.Bxd4 e5 13.Be3 Bxg4 14.Bxg4 Nxg4 15.Nd5 Qd8
16.Bb6 Qd7 17.Rhg1 Nf6 18.fxe5 Nxd5 19.Qxd5 Qc6 20.Qxc6 bxc6 21.exd6 Bd8
22.Bxd8 Rfxd8 23.Rg5 f6 24.Rc5 Rac8 25.Ra5 Ra8 26.c4 Kf7 27.c5 Ke6 28.Rd4 Rdb8
29.Rda4 Rb5 30.Rxb5 cxb5 31.Rd4 Kd7 32.b4 Rd8 33.Kc2 Kc6 34.Rd5 Kd7 35.Kd3 g5
36.e5 f5 37.Kd4 h5 38.c6+ Kxc6 39.Rc5+  1-0

[Event "Backa Open"]
[Site "Palanka YUG"]
[Date "2001.05.09"]
[Round "8"]
[White "Brujic,B"]
[Black "Trajkovic,P"]
[Result "0-1"]
[WhiteElo "2254"]
[BlackElo "2352"]

1.e4 c5 2.Nf3 e6 3.d4 cxd4 4.Nxd4 Nc6 5.Nc3 Qc7 6.g3 a6 7.Bg2 Nf6 8.O-O Be7
9.h3 O-O 10.Nde2 b5 11.f4 d6 12.a3 Rb8 13.g4 Nd7 14.Be3 Bb7 15.Qe1 Rfe8 16.Qf2 Na5
17.b3 Bf6 18.Bd4 Bxd4 19.Qxd4 e5 20.fxe5 dxe5 21.Qf2 Qb6 22.Rad1 Qxf2+ 23.Kxf2 Nf8
24.Ke3 Rbc8 25.Rd6 Nc6 26.Kd2 Red8 27.Rxd8 Rxd8+ 28.Nd5 Ne6 29.c3 Kf8 30.h4 h6
31.Kc2 Rc8 32.Kb2 Ne7 33.Rc1 Nc5 34.Rd1 Rd8 35.c4 bxc4 36.bxc4 Bc6 37.Nec3 Rb8+
38.Kc2 Ne6 39.Rb1 Rxb1 40.Nxb1 Ng6 41.h5 Ngf4 42.Bf1 Nc5 43.Nbc3 g6 44.hxg6 fxg6
45.Nxf4 exf4 46.Bg2 g5 47.Nd5 Nd7 48.Kc3 Ne5 49.Bh3 Bd7 50.c5 Bxg4 51.Bxg4 Nxg4
52.c6 Ke8 53.Nb6 Kd8 54.Kd4 f3 55.Kc5 Nf6 56.e5 Ne4+ 57.Kd4 f2 58.Kxe4 f1=Q
59.Nd5 Qc4+  0-1

[Event "FSIMA May"]
[Site "Budapest HUN"]
[Date "2001.05.12"]
[Round "8"]
[White "Dembo,Y"]
[Black "Sendur,A"]
[Result "0-1"]
[WhiteElo "2341"]
[BlackElo "2303"]

1.e4 c5 2.Nc3 e6 3.Nf3 Nc6 4.d4 cxd4 5.Nxd4 Qc7 6.Be3 a6 7.Bd3 b5 8.Nxc6 Qxc6
9.O-O Bb7 10.Re1 Ne7 11.a4 b4 12.Na2 Ng6 13.Bd2 Qb6 14.a5 Qxa5 15.Nxb4 Qb6
16.Na2 Bd6 17.Qh5 Be5 18.Nc3 O-O 19.Ra2 Qc6 20.Qg4 Bc7 21.Rea1 f5 22.exf5 Ne5
23.Qe4 Qxe4 24.Bxe4 d5 25.Bd3 Nxd3 26.cxd3 Rxf5 27.Ra4 Raf8 28.f3 e5 29.Rb4 Rb8
30.Kf2 Kf7 31.Ke2 Rf6 32.Na4 Rc6 33.Rc1 Rxc1 34.Bxc1 Bc6 35.Rxb8 Bxb8 36.Nc3 Ke6
37.h4 a5 38.Bg5 a4 39.Na2 Bd6 40.Bd2 h5 41.g3 e4 42.dxe4 dxe4 43.f4 Kf5 44.Nc3 Kg4
45.Kf2 Bc5+ 46.Be3 Bxe3+ 47.Kxe3 Kxg3  0-1

[Event "XXXVI Capablanca Mem Elite"]
[Site "Havana CUB"]
[Date "2001.05.12"]
[Round "7"]
[White "Vallejo Pons,F"]
[Black "Andersson,U"]
[Result "1/2-1/2"]
[WhiteElo "2559"]
[BlackElo "2640"]

1.e4 c5 2.Nf3 e6 3.d4 cxd4 4.Nxd4 Nc6 5.Nc3 a6 6.Be2 Qc7 7.O-O Nf6 8.Kh1 Nxd4
9.Qxd4 Bc5 10.Qd3 b5 11.Bg5 Bb7 12.f4 Rc8 13.e5 Nd5 14.Nxd5 Bxd5 15.Qg3 Be4
16.Bd3 Qb7 17.Rae1 Bg6 18.Rf3 Qd5 19.a3 Bb6 20.f5 exf5 21.h4 O-O 22.Ref1 Bd4
23.Rxf5 Rce8 24.Bf6 gxf6 25.exf6 Re5 26.h5 Rfe8 27.hxg6 hxg6 28.c3 Bc5  1/2-1/2

[Event "TCh-RUS"]
[Site "Tomsk RUS"]
[Date "2001.05.13"]
[Round "1"]
[White "Chuprov,D"]
[Black "Nizamov,I"]
[Result "1-0"]
[WhiteElo "2473"]
[BlackElo "2405"]

1.e4 c5 2.Nf3 e6 3.d4 cxd4 4.Nxd4 Nc6 5.Nc3 Qc7 6.Be2 a6 7.O-O Nf6 8.Be3 Bb4
9.Na4 Be7 10.Nxc6 bxc6 11.Nb6 Rb8 12.Nxc8 Qxc8 13.Bd4 c5 14.Be5 Rb6 15.Qd3 O-O
16.b3 d6 17.Bb2 Nd7 18.Rad1 Bf6 19.Bc1 a5 20.f4 Nb8 21.Qh3 Nd7 22.Kh1 Rd8
23.Bd3 Nf8 24.Bd2 Qa8 25.Qg3 Qa7 26.e5 Be7 27.exd6 Rbxd6 28.Bc3 Ng6 29.f5 exf5
30.Rxf5 Bf6 31.Bxf6 Rxf6 32.Rxf6 gxf6 33.Rf1 Kg7 34.Qe3 Rd5 35.Bc4 Re5 36.Qd2 Qc7
37.Qc3 Qd8 38.h3 h5 39.Bd3 Rg5 40.Be4 Re5 41.Bd3 Ne7 42.Rf3 Ng6 43.Rf2 Qb6
44.Bf1 h4 45.Qd2 Qc7 46.Bd3 Rd5 47.Qe3 Re5 48.Qd2 Rd5 49.Rf1 Rd4 50.Qe1 Qd8
51.Rf5 Ne5 52.Rh5 c4 53.Qe3 Ng6 54.bxc4 Rf4 55.Rd5 Qb8 56.Rb5 Qc7 57.Kg1 a4
58.a3 Qd6 59.c5 Qc7 60.Rb1 Ne7 61.Kh1 Nd5 62.Qe8 Ne7 63.Qb8 Qxb8 64.Rxb8 Rd4
65.Kg1 Nc6 66.Ra8 Ne5 67.Kf2 Rd5 68.Rxa4 Rxc5 69.Ke3 f5 70.Rxh4 Kf6 71.Rb4 Rc3
72.Rb3 Rc6 73.a4 Re6 74.Kf2 Rc6 75.Ra3 Nc4 76.Bxc4 Rxc4 77.c3 Rc6 78.a5 Ra6
79.Kf3 Ke5 80.h4 f4 81.Ra4 f5 82.Ra3  1-0

[Event "XXXVI Capablanca Mem Premier I"]
[Site "Havana CUB"]
[Date "2001.05.14"]
[Round "8"]
[White "Reinaldo Castineira,R"]
[Black "Garcia Martinez,S"]
[Result "1/2-1/2"]
[WhiteElo "2425"]
[BlackElo "2378"]

1.e4 c5 2.Nf3 e6 3.d4 cxd4 4.Nxd4 Nc6 5.Nc3 Qc7 6.Be3 a6 7.Bd3 Nf6 8.O-O Ne5
9.h3 Bc5 10.Kh1 d6 11.f4 Ng6 12.Qf3 O-O 13.Nb3 Bxe3 14.Qxe3 Re8 15.Rae1 e5
16.fxe5 Rxe5 17.Nd4 Be6 18.Qf2  1/2-1/2

[Event "XXXVI Capablanca Mem Elite"]
[Site "Havana CUB"]
[Date "2001.05.15"]
[Round "9"]
[White "Bruzon,L"]
[Black "Andersson,U"]
[Result "1/2-1/2"]
[WhiteElo "2589"]
[BlackElo "2640"]

1.e4 c5 2.Nf3 e6 3.d4 cxd4 4.Nxd4 Nc6 5.Nc3 a6 6.Be2 Qc7 7.O-O Nf6 8.Kh1 Be7
9.f4 d6 10.a4 O-O 11.Be3 Nxd4 12.Qxd4 e5 13.Qd3 exf4 14.Rxf4 Be6 15.Raf1 Nd7
16.Nd5 Bxd5 17.Qxd5 Ne5 18.Bd4 Bf6 19.Qb3 Rae8 20.Bxe5 Rxe5  1/2-1/2

[Event "TCh-RUS"]
[Site "Tomsk RUS"]
[Date "2001.05.15"]
[Round "3"]
[White "Kurochkin,V"]
[Black "Beshukov,S"]
[Result "1/2-1/2"]
[WhiteElo "2448"]
[BlackElo "2463"]

1.e4 c5 2.Nf3 e6 3.d4 cxd4 4.Nxd4 Nc6 5.Nc3 Qc7 6.Be2 a6 7.O-O Nf6 8.Bg5 Be7
9.Qd2 d6 10.Rad1 O-O 11.Nxc6 Qxc6 12.Bxf6 Bxf6 13.Qxd6 Qxd6 14.Rxd6 b5 15.f4 Bb7
16.e5 Be7 17.Rd7 Bc5+ 18.Kh1 Bc6 19.Rc7 Rac8 20.Rxc8 Rxc8 21.Bf3 b4 22.Ne4 Bxe4
23.Bxe4 Rd8 24.Bd3 a5 25.b3 g6 26.g3 Kg7 27.Kg2 h6 28.Rd1 Rd4 29.Kf3 Rd5
30.Be2 Rxd1 31.Bxd1 h5 32.Ke4 Kf8 33.h3 Ke7 34.g4 hxg4  1/2-1/2